Top Ten Reasons to Love Gordon LaPointe Quiz Stats

 Plays Quiz not verified by Sporcle

Challenge
Share
Tweet
Embed
Score 0/11 Timer 06:00
0 Plays Today
% Correct
funny
100%
gorgeous
75%
sweet
75%
sharp
50%
giving
50%
warm
50%
loves cats
50%
considerate
25%
hard working
25%
helpful
25%
he loves me
25%

You're not logged in!

Compare scores with friends on all Sporcle quizzes.
OR
Log In

You Might Also Like...

Show Comments

Extras

Created Feb 12, 2010ReportNominate
Tags:gordon, love, reason, ten

Top Quizzes Today


Score Distribution

Your Account Isn't Verified!

In order to create a playlist on Sporcle, you need to verify the email address you used during registration. Go to your Sporcle Settings to finish the process.

Report this User

Report this user for behavior that violates our Community Guidelines.

Details: